| 000 | 00368nam a2200121Ia 4500 | ||
|---|---|---|---|
| 008 | 230907s9999||||xx |||||||||||||| ||und|| | ||
| 082 |
_a891.4394 _bBUK |
||
| 245 | 0 | _aپطرس کے مضامین , Pitras ky mazameen / | |
| 260 |
_aRubi Publications, _bLahore : _c2019 |
||
| 300 | _a152 p. | ||
| 650 |
_aUrdu Literature. Urdu Essays | Urdu Lessons. _9115816 |
||
| 942 | _cBK | ||
| 999 |
_c599682 _d599682 |
||